Caselli Autostrada A4 - Statistics

Statistiche generali
  • Questo quiz è stato fatto 442 volte
  • Il punteggio medio è 23 su 67
Statistiche sulle risposte
Km Uscita % Corretto
222 Brescia Centro
87%
227 Brescia Est
87%
214 Brescia Ovest
87%
172 Bergamo
86%
289 Verona Est
85%
279 Verona Sud
85%
363 Padova Est
76%
356 Padova Ovest
76%
334 Vicenza Est
75%
326 Vicenza Ovest
75%
90 Novara Est
67%
82 Novara Ovest
67%
243 Desenzano del Garda
61%
258 Peschiera del Garda
57%
251 Sirmione
51%
167 Dalmine
43%
118 Rho
43%
178 Seriate
41%
201 Rovato
40%
145 Agrate Brianza
36%
156 Trezzo sul'Adda
35%
452 Portogruaro
33%
506 Redipuglia - Monfalcone Ovest
33%
515 Monfalcone Est
32%
136 Cinisello Balsamo
31%
129 Cormano
31%
270 Sommacampagna
31%
160 Capriate
30%
424 San Donà di Piave - Noventa di Piave
30%
17 Chivasso Centro
29%
20 Chivasso Est
29%
13 Chivasso Ovest
29%
206 Ospitaletto
29%
192 Palazzolo
29%
467 Latisana
28%
302 Soave - San Bonifacio
28%
123 Pero
26%
187 Grumello - Telgate
25%
320 Montecchio
25%
491 Palmanova
25%
4 Settimo Torinese
25%
2 Settimo Torinese Ovest
25%
149 Cavenago - Cambiago
24%
190 Ponte Oglio
24%
45 Santhià
24%
73 Biandrate - Vicolungo
20%
343 Grisignano
19%
311 Montebello Vicentino
19%
110 Arluno
17%
60 Balocco
16%
105 Marcallo - Mesero
16%
380 Spinea
16%
432 Cessalto
15%
67 Greggio
15%
389 Martellago - Scorzè
15%
416 Meolo - Roncade
14%
501 Villesse
14%
400 Preganziol
13%
9 Volpiano Sud - Brandizzo Ovest
13%
11 Brandizzo Est
12%
24 Rondissone
12%
439 San Stino di Livenza
12%
520 Duino
11%
483 San Giorgio di Nogaro - Porpetto
11%
36 Borgo d'Ale
10%
54 Carisio
10%
523 Sistiana
9%
Nessun quiz corrispondente trovato
Distribuzione punteggi
Percentuale di utenti per punteggio
Percentile per numero di risposta
I tuoi punteggi nel tempo
Non hai fatto questo quiz